| 000 | 02015nam a2200577 i 4500 | ||
|---|---|---|---|
| 001 | 4364 | ||
| 003 | KOSZ 005 | ||
| 005 | 20211203113632.0 | ||
| 008 | 070702s1970 pl a d f|000 0 pol | ||
| 015 | _aUWD 1970/4461 | ||
| 035 | _a991034765929705066 | ||
| 035 | _a(PL-WaBN)b19355890-48omnis_nlop | ||
| 035 | _ab19355890 | ||
| 035 | _a(OCoLC)838903316 | ||
| 035 | _a(PL)b0000001935589 | ||
| 035 | _a(EXLNZ-48OMNIS_NETWORK)9910101836105606 | ||
| 040 |
_aWA N _cWA N _dKOSZ 005/AR |
||
| 041 | _apol | ||
| 044 | _apl | ||
| 046 | _k1970 | ||
| 080 | _a637.5 | ||
| 080 | _a658.2 | ||
| 080 | _a621.5 | ||
| 080 | _a664 | ||
| 080 | _a664.8/.9 | ||
| 080 | _a(075.3-021.66) | ||
| 100 | 1 |
_aMaciejewski, Wiesław _eAutor |
|
| 245 | 1 | 0 |
_aAparatura i urządzenia techniczne w przemyśle mięsnym / _cWiesław Maciejewski. |
| 260 |
_a[Warszawa] : _bPaństwowe Wydawnictwo Szkolnictwa Zawodowego, _c1970. |
||
| 300 |
_a293, [1] strona, 4 karty tablic złożonych : _bilustracje ; _c23 cm. |
||
| 336 |
_aTekst _btxt _2rdacontent |
||
| 337 |
_aBez urządzenia pośredniczącego _bn _2rdamedia |
||
| 338 |
_aWolumin _bnc _2rdacarrier |
||
| 380 | _aKsiążki | ||
| 380 | _aPublikacje dydaktyczne | ||
| 385 |
_aSzkoły zawodowe _mPoziom nauczania |
||
| 388 | _a1901-2000 | ||
| 388 | _a1945-1989 | ||
| 521 | 8 | _aPodręcznik dla uczniów 3 i 4 klasy technikum przemysłu spożywczego o specjalności przetwórstwo mięsne. | |
| 650 | 7 |
_aMięso _2DBN |
|
| 650 | 7 | _aŻywność | |
| 650 | 7 | _aPrzemysł rolno-spożywczy | |
| 650 | 7 | _aZakład przetwórstwa spożywczego | |
| 655 | 7 |
_aPodręczniki dla szkół zawodowych _2DBN |
|
| 658 | _aInżynieria i technika | ||
| 650 | 7 | _a Konstrukcja maszyn i urządzeń | |
| 710 |
_aPaństwowe Wydawnictwo Szkolnictwa Zawodowego _4pbl |
||
| 856 |
_uhttp://koha.tu.koszalin.pl/cgi-bin/koha/opac-detail.pl?biblionumber=4364 _yKatalog online BPK |
||
| 942 |
_2UKD _cKS |
||
| 999 |
_c4364 _d4364 |
||